<?xml version="1.0" encoding="UTF-8"?>
<record
    xmlns:xsi="http://www.w3.org/2001/XMLSchema-instance"
    xsi:schemaLocation="http://www.loc.gov/MARC21/slim http://www.loc.gov/standards/marcxml/schema/MARC21slim.xsd"
    xmlns="http://www.loc.gov/MARC21/slim">

  <leader>00884nam a22002295i 4500</leader>
  <controlfield tag="001">54480</controlfield>
  <controlfield tag="003">ES-MaACL</controlfield>
  <controlfield tag="005">20250704063112.0</controlfield>
  <controlfield tag="007">t|</controlfield>
  <controlfield tag="008">960806e1874    fr           ||||1| fre d</controlfield>
  <datafield tag="040" ind1=" " ind2=" ">
    <subfield code="a">CLM </subfield>
    <subfield code="b">spa </subfield>
    <subfield code="c">CCPB | SIC</subfield>
  </datafield>
  <datafield tag="100" ind1="1" ind2=" ">
    <subfield code="a">Fouill&#xE9;e, Alfred,</subfield>
    <subfield code="d">1838-1912</subfield>
    <subfield code="e">aut</subfield>
    <subfield code="9">51939</subfield>
  </datafield>
  <datafield tag="245" ind1="1" ind2="3">
    <subfield code="a">La philosophie de Socrate / </subfield>
    <subfield code="c">par Alfred Fouill&#xE9;e.</subfield>
  </datafield>
  <datafield tag="260" ind1=" " ind2=" ">
    <subfield code="a">Paris : </subfield>
    <subfield code="b">Librairie Philosophique de Ladrange, </subfield>
    <subfield code="c">1874</subfield>
    <subfield code="f">(Imp. Simon Racon et Comp.)</subfield>
  </datafield>
  <datafield tag="300" ind1=" " ind2=" ">
    <subfield code="a">2 vol&#xFA;menes ; </subfield>
    <subfield code="c">23 cm.</subfield>
  </datafield>
  <datafield tag="500" ind1=" " ind2=" ">
    <subfield code="a">En port. : Ouvrage couronn&#xE9; par l'Acad&#xE9;mie des Sciences Morales et Politiques.</subfield>
  </datafield>
  <datafield tag="600" ind1="1" ind2="4">
    <subfield code="a">S&#xF3;crates-</subfield>
    <subfield code="x">Cr&#xED;tica e interpretaci&#xF3;n.</subfield>
    <subfield code="9">107014</subfield>
  </datafield>
  <datafield tag="852" ind1=" " ind2=" ">
    <subfield code="a">ES-MaACL</subfield>
    <subfield code="c">SVI</subfield>
    <subfield code="g">Firma aut&#xF3;grafa de Antonio Aura Boronat</subfield>
    <subfield code="h">Donativo de Antonio Aura Boronat</subfield>
    <subfield code="j">D-4948-49 </subfield>
  </datafield>
  <datafield tag="942" ind1=" " ind2=" ">
    <subfield code="2">udc</subfield>
    <subfield code="c">MONANT</subfield>
    <subfield code="n">0</subfield>
  </datafield>
  <datafield tag="999" ind1=" " ind2=" ">
    <subfield code="c">54480</subfield>
    <subfield code="d">54480</subfield>
  </datafield>
  <datafield tag="952" ind1=" " ind2=" ">
    <subfield code="0">0</subfield>
    <subfield code="1">0</subfield>
    <subfield code="2">udc</subfield>
    <subfield code="4">0</subfield>
    <subfield code="7">0</subfield>
    <subfield code="8">LIBXIX</subfield>
    <subfield code="a">ATENEOM</subfield>
    <subfield code="b">ATENEOM</subfield>
    <subfield code="c">SVI</subfield>
    <subfield code="d">2008-01-17</subfield>
    <subfield code="e">DONACION</subfield>
    <subfield code="l">0</subfield>
    <subfield code="o">D-4948-49</subfield>
    <subfield code="p">901057249</subfield>
    <subfield code="r">2023-02-23 00:00:00</subfield>
    <subfield code="y">MONANT</subfield>
  </datafield>
</record>
